| 000 | 00364nam a22001217a 4500 | ||
|---|---|---|---|
| 082 | _a200 THE | ||
| 100 |
_aHafsa Shafiq _970056 |
||
| 245 | _aTH-SOF-1216-SAMPLED DATA ROBUST CONTROL OF AN UNDER ACTUATED SYSTEM | ||
| 260 |
_aIslamabad _bNUST College of EME _c2016 |
||
| 650 | _aMS-ELECT-75 MSTHESIS | ||
| 700 | _aSupervisor Dr. Fahad Mumtaz Malik | ||
| 942 | _cCF | ||
| 999 |
_c577105 _d577105 |
||